[Event "BUL-ch U20"]
[Site "Sofia"]
[Date "2023.02.05"]
[Round "7"]
[White "Milev, Raicho"]
[Black "Dokuzov, Nikolay"]
[Result "1-0"]
[WhiteElo "1272"]
[BlackElo "1470"]
[PlyCount "83"]
[EventDate "2023.02.01"]
[EventType "swiss"]
[EventRounds "7"]
[EventCountry "BUL"]
[SourceTitle "CBM 212 Extra"]
[Source "ChessBase"]
[SourceDate "2023.03.31"]
[SourceVersion "1"]
[SourceVersionDate "2023.03.31"]
[SourceQuality "1"]

1. e4 d5 2. exd5 Nf6 3. Nf3 Nxd5 4. d4 Bf5 5. Bd3 Bxd3 6. Qxd3 c6 7. c3 e6 8. 0-0 Be7 9. a3 0-0 10. c4 Nf6 11. b4 Qc7 12. Bb2 Rd8 13. Qc2 a5 14. bxa5 Qxa5 15. Nbd2 Nbd7 16. Ne4 Nxe4 17. Qxe4 Nf6 18. Qe3 Qa4 19. Ne5 Qc2 20. Rab1 Rac8 21. Rfc1 Qa4 22. Qg3 Qa5 23. Rd1 Qc7 24. Rbc1 Nd7 25. f4 Nxe5 26. fxe5 Ra8 27. Kh1 Qb6 28. Rb1 Ra4 29. c5 Qc7 30. Qb3 Raa8 31. Bc3 Rdb8 32. a4 Qd7 33. a5 Qd5 34. Qxd5 cxd5 35. Rb5 Bd8 36. Rdb1 Kf8 37. c6 Bc7 38. Rxb7 Rxb7 39. cxb7 Rd8 40. a6 Bb8 41. Bb4+ Ke8 42. Bd6 1-0

[Event "BUL-ch U20"]
[Site "Sofia"]
[Date "2023.02.02"]
[Round "3"]
[White "Ivanov, Lachezar1111"]
[Black "Milev, Raicho"]
[Result "0-1"]
[WhiteElo "1506"]
[BlackElo "1272"]
[PlyCount "52"]
[EventDate "2023.02.01"]
[EventType "swiss"]
[EventRounds "7"]
[EventCountry "BUL"]
[SourceTitle "CBM 212 Extra"]
[Source "ChessBase"]
[SourceDate "2023.03.31"]
[SourceVersion "1"]
[SourceVersionDate "2023.03.31"]
[SourceQuality "1"]

1. c4 c6 2. d4 d5 3. Nf3 Nf6 4. e3 a6 5. Be2 b5 6. cxd5 cxd5 7. b4 e6 8. Bd2 Nc6 9. Nc3 Bxb4 10. a4 Bxc3 11. Bxc3 b4 12. Bd2 a5 13. Bb5 Bd7 14. Rc1 Qb6 15. 0-0 0-0 16. Ne5 Nxe5 17. dxe5 Bxb5 18. exf6 Bxf1 19. Qg4 g6 20. Qh4 e5 21. e4 Rfc8 22. Rxf1 b3 23. Bg5 Qd6 24. Qh6 b2 25. Rb1 Qa3 26. Rxb2 Qa1+ 0-1